MARC

LEADER 00000nas a22000007a 4500
001 ssj0012542
003 WaSeSS
005 20200512172242.0
006 m d
007 cr n
008 000328c20009999mduwr pss 0 a0eng c
010 |a  00211771  
022 |a 1529-4269  |l 1529-4269  |y 1529-4250 
035 |a (WaSeSS)ssj0012542 
037 |b Phillips Business Information, Inc., 1201 Seven Locks Rd., Potomac, MD 20854 
040 |a NSD  |b eng  |c NSD  |d OCLCQ  |d OCLCS  |d FIE  |d OCLCQ  |d OCLCF  |d OCLCO  |d VT2  |d OCLCQ  |d WaSeSS 
042 |a nsdp  |a pcc 
043 |a n-us--- 
050 4 |a UA10.5  |b D44 
082 1 0 |a 355  |2 13 
130 0 |a Defense daily international (Online) 
210 0 |a Def. dly. int.  |b (Online) 
222 0 |a Defense daily international  |b (Online) 
245 1 0 |a Defense daily international  |h [electronic resource]. 
260 |a Potomac, MD :  |b Phillips Business Information, Inc. 
310 |a Weekly 
506 |a License restrictions may limit access. 
538 |a Mode of access: Email. 
588 |a Description based on: Vol. 2, iss. 34 (Sept. 14, 2001); title from email printout. 
650 0 |a Defense industries  |z United States  |v Periodicals. 
650 0 |a Defense industries  |v Periodicals. 
650 0 |a Defense contracts  |v Periodicals. 
650 7 |a Defense contracts.  |2 fast  |0 (OCoLC)fst00889611 
650 7 |a Defense industries.  |2 fast  |0 (OCoLC)fst00889634 
651 7 |a United States.  |2 fast  |0 (OCoLC)fst01204155 
655 0 |a Electronic journals. 
776 1 |t Defense daily international  |x 1529-4250  |w (DLC) 00211770 
856 4 0 |z Full text available from Research Library: 04/14/2000 to 07/24/2015  |u https://search.proquest.com/publication/46375